| 000 | 00834nam a2200205 i 4500 | ||
|---|---|---|---|
| 001 | 153959 | ||
| 003 | ES-MaACL | ||
| 005 | 20250730063136.0 | ||
| 008 | 960214s1789 it |||| | lat d | ||
| 040 |
_aEUS _bspa _cEUS |
||
| 100 | 1 |
_aEspen, Zergen Bernard van, _d1646-1726 _9126963 |
|
| 245 | 1 | 0 |
_aZegeri Bernardi Van-Espen ... Jus Ecclesiasticum Universum antiquae et recentioris disciplinae _b: tomus decimus secundus continens : Operum indicem, ac vitam auctoris. |
| 260 |
_aVenetiis : _bEx typographia Balleoniana, _c1789. |
||
| 300 |
_a336, 380 p. ; _c8. |
||
| 505 | 8 | _aContiene: Index rerum notabilium, con pag. y sign. propias | |
| 650 | 0 | 7 |
_aDerecho canónico _2embne _911655 |
| 852 |
_aES-MaACL _jR-774-85 _zEncuadernación pasta española _dOlim: G-6783-94 |
||
| 942 | _2udc | ||
| 999 |
_c153959 _d153959 |
||